000 00383pab a2200157 454500
008 180718b2012 xxu||||| |||| 00| 0 eng d
100 _aSingh, Bimla
245 _aPermanent contribution of Mahatma Gandhi to the world
260 _c2012
300 _ap.83-91.
362 _aJul-Dec
650 _aGandhi, Mahatma
773 _aReview of Politics
908 _aN
909 _a99024
999 _c99023
_d99023